000 00959nam0a22002531 4500
001 rc\904713
005 20260407081433.0
035 _a(NLR Aleph) 006079897
090 _a5081698
_c5081698
100 _a20041129d1983 u y0rusy50 ca
101 0 _arus
102 _aRU
105 _aa |||||||||
200 1 _aУправление сварочными процессами
_eСб. науч. тр. (межвуз.)
_fТул. политехн. ин-т
_g[Редкол.: Судник В.А. (отв. ред.) и др.]
210 _aТула
_cТПИ
_d1983
215 _a151, [11] с.
_cил.
_d20
320 _aБиблиогр. в конце ст.
702 1 _aСудник
_bВ.А.
_gВладислав Александрович
_4340
712 0 2 _aТульский политехнический институт
_3RU\NLR\AUTH\886982
_9285939
801 0 _aRU
_bNLR
_gpsbo
801 1 _aRU
_bELAR
_2rusmarc
852 _aNLR
_j83-3/10243
942 _cBOOK
980 _aNB